000 00704nam a2200265Ia 4500
005 20260302115816.0
008 008 260114s9999 xx 000 0 eng d
020 _a9781509967391
037 _aTextbook
040 _aCRL
040 _beng
040 _cCRL
041 _2eng
041 _aeng
084 _qCRL
100 _aRichard Happ and Stephan Wilske
_91122734
245 0 _aICSID Rules and Regulations 2022 Article-by-Article Commentary
260 _bBeck/Hart/Nomos
260 _bBloomsbury
260 _c2022
650 _aLaw
856 _uhttps://doi.org/10.5040/9781509967391?locatt=label:secondary_bloomsburyCollections
942 _cEBOOK
999 _c1687539
_d1687539